[Event "Porto op"]
[Site "Porto"]
[Date "2015.07.18"]
[Round "8"]
[White "Torres Ventosa, Pedro Eugenio"]
[Black "Abrahams, Daniel"]
[Result "0-1"]
[WhiteElo "2312"]
[BlackElo "2080"]
[PlyCount "118"]
[EventDate "2015.07.13"]
[EventType "swiss"]
[EventRounds "9"]
[EventCountry "POR"]
[SourceTitle "CBM 167 Extra"]
[Source "ChessBase"]
[SourceDate "2015.09.14"]
[SourceVersion "1"]
[SourceVersionDate "2015.09.14"]
[SourceQuality "1"]

1. e4 c5 2. Nf3 e6 3. c3 Nf6 4. e5 Nd5 5. g3 Nc6 6. Bg2 Qc7 7. Qe2 d6 8. exd6 Bxd6 9. 0-0 0-0 10. d4 cxd4 11. cxd4 Bd7 12. Nbd2 a6 13. Nc4 Be7 14. Bd2 Bf6 15. Rac1 Rfd8 16. h4 Rac8 17. Qe4 Qb8 18. Rfe1 b5 19. Nce5 Nxe5 20. dxe5 Be7 21. Ng5 Bxg5 22. Bxg5 Rxc1 23. Rxc1 Rc8 24. Re1 Nb6 25. Qg4 Rc4 26. Be4 Bc6 27. Bh6 Qxe5 28. Rd1 Bd5 29. f3 f5 30. Qg5 Kf7 31. Qh5+ g6 32. Qg5 Rxe4 33. fxe4 Qxe4 34. Rxd5 Qxd5 35. Qe3 Nd7 36. Qa7 Qc5+ 37. Qxc5 Nxc5 38. Be3 Nd7 39. Kf2 e5 40. Ke2 Ke6 41. Kd3 Kd5 42. Ba7 Nc5+ 43. Ke3 Ne6 44. Bb6 f4+ 45. gxf4 exf4+ 46. Kf3 Ke5 47. Ba7 Kf5 48. b3 h6 49. a4 g5 50. hxg5 hxg5 51. axb5 axb5 52. Ke2 Ke4 53. Kd2 Nc7 54. Kc3 Nd5+ 55. Kd2 g4 56. Ke2 g3 57. Bb8 Nc3+ 58. Kf1 Kf3 59. Ba7 Ne2 0-1

[Event "ESP-ch 79th"]
[Site "Linares"]
[Date "2014.08.31"]
[Round "7"]
[White "Domingo Nunez, Alejandro"]
[Black "Torres Ventosa, Pedro Eugenio"]
[Result "1-0"]
[WhiteElo "2023"]
[BlackElo "2334"]
[PlyCount "165"]
[EventDate "2014.08.25"]
[EventType "swiss"]
[EventRounds "9"]
[EventCountry "ESP"]
[SourceTitle "CBM 162 Extra"]
[Source "ChessBase"]
[SourceDate "2014.10.17"]
[SourceVersion "1"]
[SourceVersionDate "2014.10.17"]
[SourceQuality "1"]

1. e4 d6 2. d4 Nf6 3. Nc3 Nbd7 4. Nf3 e5 5. Bc4 Be7 6. 0-0 0-0 7. Re1 c6 8. a4 a5 9. d5 Nb6 10. Bb3 cxd5 11. Nxd5 Nbxd5 12. Bxd5 Nxd5 13. Qxd5 Qc7 14. Qd3 h6 15. b3 f5 16. Ba3 fxe4 17. Qd5+ Kh8 18. Rxe4 Ra6 19. Rc4 Rc6 20. Rd1 Rf6 21. h3 Bf5 22. Rd2 Bh7 23. Qb5 Bg8 24. Rxc6 bxc6 25. Qe2 Rf4 26. c4 c5 27. Bb2 Qb7 28. Qe3 Re4 29. Qc3 Qb6 30. Rd3 Bh7 31. Re3 Bf6 32. Qe1 Rf4 33. Bc3 Qc6 34. Bxa5 e4 35. Nh2 Bd4 36. Re2 d5 37. Qc1 Rf8 38. Nf1 Qa6 39. Be1 Be5 40. Nd2 Bf4 41. Qd1 Bxd2 42. Bxd2 d4 43. f3 e3 44. Bxe3 dxe3 45. Rxe3 Bg6 46. Qd5 Rf5 47. Re8+ Bxe8 48. Qxf5 Qc6 49. a5 Bg6 50. Qe5 Kh7 51. Qd5 Qc8 52. Qd6 Qf5 53. a6 Qb1+ 54. Kh2 Qa2 55. Qb6 Bd3 56. Qxc5 Qxa6 57. Qd5 Qg6 58. Qd4 h5 59. Kg1 Bf5 60. Kf2 Be6 61. g4 h4 62. Ke3 Qc2 63. Qe4+ Qxe4+ 64. Kxe4 Kg6 65. Ke5 Kf7 66. Ke4 Kf6 67. Kd4 Bc8 68. b4 Bb7 69. Ke3 Ke5 70. b5 g5 71. c5 Bd5 72. c6 Kf6 73. c7 Bb7 74. f4 gxf4+ 75. Kxf4 Bc8 76. b6 Kg6 77. Ke5 Kg5 78. Kd6 Kf4 79. Kc6 Kg3 80. b7 Bxb7+ 81. Kxb7 Kxh3 82. c8Q Kg3 83. g5 1-0

[Event "ESP-ch 79th"]
[Site "Linares"]
[Date "2014.08.30"]
[Round "6"]
[White "Torres Ventosa, Pedro Eugenio"]
[Black "Rodriguez Garcia, Manuel Francisco"]
[Result "1/2-1/2"]
[WhiteElo "2334"]
[BlackElo "2158"]
[PlyCount "174"]
[EventDate "2014.08.25"]
[EventType "swiss"]
[EventRounds "9"]
[EventCountry "ESP"]
[SourceTitle "CBM 162 Extra"]
[Source "ChessBase"]
[SourceDate "2014.10.17"]
[SourceVersion "1"]
[SourceVersionDate "2014.10.17"]
[SourceQuality "1"]

1. d4 Nf6 2. Bg5 e6 3. e4 c5 4. Bxf6 Qxf6 5. c3 cxd4 6. cxd4 Nc6 7. Nf3 Bb4+ 8. Nc3 d6 9. Bb5 0-0 10. 0-0 Bxc3 11. bxc3 e5 12. h3 exd4 13. cxd4 Qg6 14. d5 Ne7 15. Qd3 a6 16. Ba4 b5 17. Bb3 Bd7 18. Nd4 Kh8 19. f4 Rfe8 20. Rae1 Ng8 21. Qf3 f6 22. f5 Qf7 23. Qg3 Qe7 24. Ne6 Bxe6 25. dxe6 Red8 26. Rd1 a5 27. Bd5 Rac8 28. Rf3 Qa7+ 29. Qf2 Rc5 30. Rfd3 Ne7 31. Bb3 a4 32. Bc2 Qc7 33. R3d2 h6 34. Bd3 Kh7 35. Bf1 b4 36. Qg3 Rc3 37. Rd3 Qc5+ 38. Kh2 d5 39. e5 Nxf5 40. Rxc3 Qxc3 41. Bd3 g6 42. Bxf5 gxf5 43. exf6 Qxf6 44. Qc7+ Kg6 45. e7 Re8 46. Rxd5 Rxe7 47. Qb8 Kg7 48. Qxb4 Qe6 49. Ra5 Rd7 50. Qc3+ Qf6 51. Qg3+ Qg6 52. Rxa4 Qxg3+ 53. Kxg3 Kf6 54. Kf4 Rd2 55. Ra6+ Kg7 56. g3 Rf2+ 57. Ke3 Rf1 58. a4 Ra1 59. a5 Ra4 60. Ra8 h5 61. h4 Kh7 62. a6 Kg7 63. Kd2 f4 64. gxf4 Rxf4 65. Rb8 Ra4 66. Rb6 Rxh4 67. Kc3 Ra4 68. Kb3 Ra1 69. Rb7+ Kg6 70. Rb6+ Kg5 71. Kb4 Kg4 72. Rg6+ Kf4 73. Kb5 h4 74. Rh6 Kg3 75. Rg6+ Kf3 76. Rh6 Kg3 77. Kb6 Rxa6+ 78. Kxa6 h3 79. Rg6+ Kf2 80. Rf6+ Kg2 81. Rg6+ Kf2 82. Kb5 h2 83. Rf6+ Kg2 84. Rg6+ Kf2 85. Rh6 Kg2 86. Kc4 h1Q 87. Rxh1 Kxh1 1/2-1/2

[Event "ESP-ch 79th"]
[Site "Linares"]
[Date "2014.08.28"]
[Round "4"]
[White "Torres Ventosa, Pedro Eugenio"]
[Black "Boutahar Belgasi, Tarik"]
[Result "1-0"]
[WhiteElo "2334"]
[BlackElo "1957"]
[PlyCount "119"]
[EventDate "2014.08.25"]
[EventType "swiss"]
[EventRounds "9"]
[EventCountry "ESP"]
[SourceTitle "CBM 162 Extra"]
[Source "ChessBase"]
[SourceDate "2014.10.17"]
[SourceVersion "1"]
[SourceVersionDate "2014.10.17"]
[SourceQuality "1"]

1. e4 c5 2. Nf3 d6 3. c3 Nf6 4. h3 Nc6 5. Bd3 e5 6. Bc2 Be7 7. 0-0 0-0 8. Re1 Re8 9. d3 h6 10. Nbd2 Bf8 11. Nf1 d5 12. Qe2 d4 13. Ng3 g6 14. Nh2 Bg7 15. Rf1 Be6 16. c4 Nd7 17. Ng4 Kh7 18. Qd2 Qh4 19. Nh2 Rac8 20. Bd1 Rc7 21. Bg4 Bxg4 22. hxg4 Nf8 23. Ne2 Ne6 24. g3 Qe7 25. f4 g5 26. fxg5 hxg5 27. Kg2 f6 28. Ng1 Rh8 29. Qf2 Qf7 30. Nh3 Qg6 31. a3 Kg8 32. Rh1 Bf8 33. Bd2 a5 34. Raf1 Kg7 35. Nf3 Be7 36. Rh2 Rcc8 37. Rfh1 b6 38. Kg1 Rh7 39. Nf4 Rxh2 40. Nxe6+ Kf7 41. Nfxg5+ Ke8 42. Qxh2 fxg5 43. Qh5 Kf7 44. Nxg5+ Bxg5 45. Bxg5 Rg8 46. Bh4 Ke6 47. Qf5+ Kd6 48. g5 Nd8 49. Qf6+ Ne6 50. Kg2 Qh5 51. Qf3 Qg6 52. Rf1 Rf8 53. Qxf8+ Nxf8 54. Rf6+ Ke7 55. Rxg6 Nxg6 56. a4 Kf7 57. Kf3 Nf8 58. g6+ Kxg6 59. Bd8 Nd7 60. Kg4 1-0

[Event "ESP-ch 79th"]
[Site "Linares"]
[Date "2014.08.26"]
[Round "2"]
[White "Torres Ventosa, Pedro Eugenio"]
[Black "Barrenechea Bahamonde, Gustavo"]
[Result "1/2-1/2"]
[WhiteElo "2334"]
[BlackElo "2124"]
[PlyCount "123"]
[EventDate "2014.08.25"]
[EventType "swiss"]
[EventRounds "9"]
[EventCountry "ESP"]
[SourceTitle "CBM 162 Extra"]
[Source "ChessBase"]
[SourceDate "2014.10.17"]
[SourceVersion "1"]
[SourceVersionDate "2014.10.17"]
[SourceQuality "1"]

1. e4 Nf6 2. e5 Nd5 3. d4 d6 4. Nf3 dxe5 5. Nxe5 g6 6. Bc4 c6 7. Qf3 Be6 8. Nc3 Nd7 9. h4 Nxe5 10. dxe5 Bg7 11. Bg5 Bxe5 12. Rd1 Qa5 13. 0-0 Bxc3 14. bxc3 0-0-0 15. Rfe1 h6 16. Bd2 g5 17. h5 Rhf8 18. Bb3 Qc7 19. g3 Qd7 20. Qe4 Bg4 21. Rb1 Bxh5 22. a4 f5 23. Qd4 Kb8 24. a5 Nc7 25. Qb4 Na6 26. Qd4 Qxd4 27. cxd4 Rxd4 28. Be3 Re4 29. c3 Bf3 30. Bc2 Rc4 31. Bd3 Bd5 32. Bxc4 Bxc4 33. Bd4 e6 34. Rbd1 Bd5 35. Rc1 c5 36. Be5+ Kc8 37. f4 c4 38. Kf2 Nc5 39. Ke3 Nd3 40. Bg7 Rg8 41. Bxh6 gxf4+ 42. Bxf4 Rh8 43. Kd4 Kd7 44. Rb1 Nxe1 45. Rxe1 Rh2 46. a6 bxa6 47. Ra1 Re2 48. Rxa6 Rb2 49. Rxa7+ Rb7 50. Ra6 Ke7 51. Ke5 Rd7 52. Bg5+ Kf7 53. Ra4 Rb7 54. Ra2 Kg6 55. Bf4 Rb3 56. Kd4 Rb1 57. Rd2 Re1 58. Kc5 Kh5 59. Rd4 Re4 60. Rxe4 fxe4 61. Kd4 Kg4 62. Ke3 1/2-1/2

[Event "ESP-ch 78th"]
[Site "Linares"]
[Date "2013.09.06"]
[Round "9"]
[White "Torres Ventosa, Pedro Eugenio"]
[Black "Sos Andreu, Eric"]
[Result "1-0"]
[WhiteElo "2317"]
[BlackElo "2229"]
[PlyCount "55"]
[EventDate "2013.08.29"]
[EventType "swiss"]
[EventRounds "9"]
[EventCountry "ESP"]
[SourceTitle "CBM 156 Extra"]
[Source "ChessBase"]
[SourceDate "2013.10.22"]
[SourceVersion "1"]
[SourceVersionDate "2013.10.22"]
[SourceQuality "1"]

1. e4 d5 2. exd5 Qxd5 3. Nc3 Qd6 4. d4 Nf6 5. Nf3 c6 6. g3 Bf5 7. Bg2 e6 8. 0-0 h6 9. Re1 Be7 10. a4 0-0 11. a5 Na6 12. Bf4 Qd8 13. Ne5 Rc8 14. Nb1 Nd5 15. Bd2 Ndb4 16. Na3 Qxa5 17. c3 Qd8 18. Nb1 Nb8 19. d5 Qd6 20. Bc1 N4a6 21. Nf3 Qf4 22. Ne5 Qd4 23. Bd2 Qxc3 24. bxc3 c5 25. Qf3 Bh7 26. Qg4 Kh8 27. Qxe6 fxe6 28. Nf3 1-0

[Event "ESP-ch 78th"]
[Site "Linares"]
[Date "2013.09.05"]
[Round "8"]
[White "Vega Gutierrez, Belinda Vidina"]
[Black "Torres Ventosa, Pedro Eugenio"]
[Result "0-1"]
[WhiteElo "2148"]
[BlackElo "2317"]
[PlyCount "94"]
[EventDate "2013.08.29"]
[EventType "swiss"]
[EventRounds "9"]
[EventCountry "ESP"]
[SourceTitle "CBM 156 Extra"]
[Source "ChessBase"]
[SourceDate "2013.10.22"]
[SourceVersion "1"]
[SourceVersionDate "2013.10.22"]
[SourceQuality "1"]

1. e4 d6 2. d4 Nf6 3. Nc3 Nbd7 4. g4 h6 5. h3 e5 6. Nge2 c6 7. Bg2 b5 8. a3 Rb8 9. Be3 a5 10. Ng3 g6 11. 0-0 b4 12. axb4 Rxb4 13. b3 h5 14. g5 Nh7 15. h4 Bg7 16. Nce2 f6 17. c3 Rb5 18. f4 fxg5 19. fxg5 Rf8 20. Nc1 Qe7 21. Nxh5 gxh5 22. Qxh5+ Kd8 23. Qxh7 Rh8 24. Qg6 Nf8 25. Qf7 exd4 26. cxd4 Rxh4 27. Ra2 Rg4 28. Raf2 Be6 29. Qh5 Qe8 30. Qh2 Ke7 31. Rf3 Qg6 32. Rg3 Rxg3 33. Qxg3 Nh7 34. e5 dxe5 35. Bxc6 Rb4 36. Qg2 exd4 37. Bd2 Rb8 38. Re1 d3 39. Be4 Bd4+ 40. Kh1 Qg7 41. Bf5 Nf8 42. Qg4 Be5 43. Nxd3 Qh8+ 44. Kg2 Qh2+ 45. Kf3 Rxb3 46. Ke4 Qxd2 47. Kxe5 Rxd3 0-1

[Event "Benidorm op U2300 11th"]
[Site "Benidorm"]
[Date "2012.12.06"]
[Round "7"]
[White "Cano Gimenez, Vicente"]
[Black "Torres Ventosa, Pedro Eugenio"]
[Result "0-1"]
[WhiteElo "2213"]
[BlackElo "2289"]
[PlyCount "118"]
[EventDate "2012.11.30"]
[EventType "swiss"]
[EventRounds "10"]
[EventCountry "ESP"]
[SourceTitle "EXT 2014"]
[Source "ChessBase"]
[SourceDate "2013.11.20"]
[SourceVersion "1"]
[SourceVersionDate "2013.11.20"]
[SourceQuality "1"]

1. Nf3 Nf6 2. c4 g6 3. Nc3 d5 4. cxd5 Nxd5 5. Qa4+ c6 6. Qd4 f6 7. e4 Nxc3 8. Qxd8+ Kxd8 9. bxc3 Bg4 10. d4 Bxf3 11. gxf3 Nd7 12. Rb1 b6 13. Bh3 e5 14. Ke2 Bd6 15. Rd1 Kc7 16. d5 Nc5 17. c4 Rhf8 18. Be3 f5 19. exf5 Na4 20. Rbc1 gxf5 21. Rg1 Rae8 22. c5 bxc5 23. dxc6 f4 24. Bd2 Kxc6 25. Rg7 Re7 26. Rcg1 Rff7 27. Rxf7 Rxf7 28. Be6 Re7 29. Bf5 c4 30. Rg8 Nc5 31. Rh8 Rb7 32. Bc3 Rb6 33. Rxh7 Ra6 34. Bb1 Rb6 35. Bc2 Ra6 36. Bb1 Ne6 37. h4 Nd4+ 38. Kd1 Kc5 39. Rb7 Nb5 40. Be1 Bc7 41. h5 Rd6+ 42. Kc1 Bb6 43. Be4 Nd4 44. a3 a5 45. Rg7 Rh6 46. Rg5 Bc7 47. Rg7 Bb6 48. Rg5 Bc7 49. Rg7 Bd6 50. Rg5 Kb5 51. Kb2 Ka4 52. Ka2 Bxa3 53. Bxa5 Bb4 54. Bxb4 Kxb4 55. Rxe5 Ra6+ 56. Kb1 Nb3 57. Kc2 Ra4 58. Kb2 c3+ 59. Kc2 Nd4+ 0-1

[Event "Navalmoral op 17th"]
[Site "Navalmoral"]
[Date "2011.12.06"]
[Round "6"]
[White "Del Rio de Angelis, Salvador Gabriel"]
[Black "Torres Ventosa, Pedro Eugenio"]
[Result "1-0"]
[WhiteElo "2534"]
[BlackElo "2303"]
[PlyCount "89"]
[EventDate "2011.12.03"]
[EventType "swiss"]
[EventRounds "9"]
[EventCountry "ESP"]
[SourceTitle "CBM 145 Extra"]
[Source "ChessBase"]
[SourceDate "2012.01.03"]
[SourceVersion "1"]
[SourceVersionDate "2012.01.03"]
[SourceQuality "1"]

1. d4 Nf6 2. c4 g6 3. Nc3 d5 4. Nf3 Bg7 5. e3 0-0 6. cxd5 Nxd5 7. Bc4 Nb6 8. Bb3 Nc6 9. 0-0 Bf5 10. a4 a5 11. d5 Nb4 12. e4 Bg4 13. Be3 Nd7 14. h3 Bxf3 15. Qxf3 c6 16. Rfd1 Rc8 17. dxc6 bxc6 18. Rd2 Qc7 19. Rad1 Rcd8 20. Bf4 Qb7 21. Qg3 Na6 22. Ba2 Nac5 23. e5 e6 24. Bg5 Rde8 25. Qe3 h6 26. Bxh6 Bxh6 27. Qxh6 Nxe5 28. Rd4 f5 29. f4 Nf7 30. Qxg6+ Kh8 31. Qh5+ Kg7 32. Qe2 Rh8 33. Qf2 Rb8 34. Rc4 Nd7 35. Qg3+ Kf6 36. Qe3 Nb6 37. Rc5 Nd5 38. Bxd5 exd5 39. Rxa5 Qb6 40. Qxb6 Rxb6 41. Rdxd5 Rxb2 42. Rxf5+ Ke6 43. Ne4 Rh6 44. Rfc5 Nd8 45. Ra7 1-0

[Event "Andalucia-ch"]
[Site "Roquetas Almeria"]
[Date "2011.05.28"]
[Round "7.6"]
[White "Gutierrez Castillo, Paloma"]
[Black "Torres Ventosa, Pedro Eugenio"]
[Result "1-0"]
[WhiteElo "2090"]
[BlackElo "2319"]
[PlyCount "49"]
[EventDate "2011.05.14"]
[EventType "swiss"]
[EventRounds "8"]
[EventCountry "ESP"]
[SourceTitle "EXT 2024"]
[Source "ChessBase"]
[SourceDate "2023.10.10"]
[SourceVersion "1"]
[SourceVersionDate "2023.10.10"]
[SourceQuality "1"]

1. e4 d6 2. d4 Nf6 3. Nc3 e5 4. Nf3 Nbd7 5. Bc4 Be7 6. 0-0 0-0 7. h3 c6 8. a4 b6 9. Ba2 a6 10. Be3 Rb8 11. Re1 b5 12. axb5 axb5 13. b4 Qc7 14. Bb3 d5 15. dxe5 Nxe4 16. Qd4 c5 17. bxc5 Bxc5 18. Qd3 Nxc3 19. Qxc3 Bb7 20. Rad1 b4 21. Qd3 Rbd8 22. e6 fxe6 23. Ng5 Nf6 24. Nxe6 Qc6 25. Bxc5 1-0

[Event "ESP-ch Universities"]
[Site "Alicante"]
[Date "2011.05.11"]
[Round "9"]
[White "Alsina Leal, Daniel"]
[Black "Torres Ventosa, Pedro Eugenio"]
[Result "1-0"]
[WhiteElo "2545"]
[BlackElo "2319"]
[PlyCount "95"]
[EventDate "2011.05.09"]
[EventType "team-swiss"]
[EventRounds "9"]
[EventCountry "ESP"]
[SourceTitle "CBM 142 Extra"]
[Source "ChessBase"]
[SourceDate "2011.06.27"]
[SourceVersion "1"]
[SourceVersionDate "2011.06.27"]
[SourceQuality "1"]

1. e4 d6 2. d4 Nf6 3. Nc3 e5 4. Nf3 Nbd7 5. Bc4 Be7 6. 0-0 0-0 7. Re1 c6 8. a4 b6 9. Ba2 a6 10. Qd3 Rb8 11. Ne2 c5 12. c3 d5 13. Nxe5 c4 14. Nxc4 dxc4 15. Bxc4 Bb7 16. Ng3 Rc8 17. Bxa6 Bxa6 18. Qxa6 g6 19. Qb5 Ne8 20. Bh6 Nd6 21. Qe2 Re8 22. Rad1 Bg5 23. Bxg5 Qxg5 24. e5 h5 25. Qf3 Nf5 26. Nxf5 Qxf5 27. Qxf5 gxf5 28. Rd3 Kh7 29. Kf1 Kg6 30. Rg3+ Kh6 31. f4 Rg8 32. e6 Nf6 33. Rxg8 Rxg8 34. exf7 Rf8 35. Re6 Rxf7 36. Rxb6 Kg7 37. g3 Nd5 38. Rb5 Rd7 39. Ke2 Kg6 40. Kd3 Nf6 41. Rb6 Kg7 42. a5 Nd5 43. Rb5 Kg6 44. a6 Rd6 45. a7 Nc7 46. Rb7 Na8 47. Rb8 Nc7 48. Rc8 1-0

[Event "ESP-ch Universities"]
[Site "Alicante"]
[Date "2011.05.10"]
[Round "6"]
[White "Torres Ventosa, Pedro Eugenio"]
[Black "Garcia Brion, Eduardo"]
[Result "1-0"]
[WhiteElo "2319"]
[BlackElo "2191"]
[PlyCount "71"]
[EventDate "2011.05.09"]
[EventType "team-swiss"]
[EventRounds "9"]
[EventCountry "ESP"]
[SourceTitle "CBM 142 Extra"]
[Source "ChessBase"]
[SourceDate "2011.06.27"]
[SourceVersion "1"]
[SourceVersionDate "2011.06.27"]
[SourceQuality "1"]

1. e4 e5 2. Nf3 Nc6 3. Bb5 f5 4. d3 fxe4 5. dxe4 Nf6 6. 0-0 Bc5 7. h3 d6 8. Nbd2 0-0 9. c3 a6 10. Bc4+ Kh8 11. a4 Qe8 12. Nh4 Nh5 13. Ndf3 Nf4 14. Be3 Qh5 15. b4 Bxe3 16. fxe3 Ng6 17. Nxg6+ hxg6 18. Ng5 Rxf1+ 19. Qxf1 Bd7 20. Nf7+ Kh7 21. Qf2 g5 22. Qg3 g4 23. h4 Nd8 24. Ng5+ Kh8 25. Rf1 Qe8 26. Qf2 Nc6 27. Qg3 Nd8 28. Be2 Ne6 29. Nf7+ Kg8 30. Bxg4 Qxf7 31. Rxf7 Kxf7 32. Bf5 Nf8 33. Qf2 Bxa4 34. h5 Be8 35. Bc8+ Ke7 36. Qh4+ 1-0

[Event "Malaga op 14th"]
[Site "Malaga"]
[Date "2011.05.01"]
[Round "4"]
[White "Aranaz Murillo, Amalia"]
[Black "Torres Ventosa, Pedro Eugenio"]
[Result "1/2-1/2"]
[WhiteElo "2164"]
[BlackElo "2303"]
[PlyCount "125"]
[EventDate "2011.04.29"]
[EventType "swiss"]
[EventRounds "7"]
[EventCountry "ESP"]
[SourceTitle "CBM 142 Extra"]
[Source "ChessBase"]
[SourceDate "2011.06.27"]
[SourceVersion "1"]
[SourceVersionDate "2011.06.27"]
[SourceQuality "1"]

1. Nf3 Nf6 2. c4 g6 3. Nc3 d5 4. Qa4+ Bd7 5. Qb3 dxc4 6. Qxc4 a6 7. d4 b5 8. Qb3 c5 9. dxc5 Bg7 10. e4 Bc6 11. e5 Nfd7 12. Be3 Nxe5 13. Be2 e6 14. Nxe5 Bxe5 15. 0-0 Nd7 16. f4 Bg7 17. a4 bxa4 18. Nxa4 Rb8 19. Nb6 Nxc5 20. Qc4 Qxb6 21. Bxc5 Bb5 22. Bxb6 Bxc4 23. Bxc4 Rxb6 24. Rxa6 Rxa6 25. Bxa6 Bxb2 26. Rb1 Bd4+ 27. Kf1 Ke7 28. Rb7+ Kf6 29. Ke2 h5 30. Rd7 Bg1 31. h3 Ra8 32. Bb5 Rb8 33. Bc6 Bh2 34. Rd4 Kf5 35. Rd7 Kf6 36. Rd4 Kf5 37. Rd7 f6 38. Rb7 Rd8 39. Rd7 Rxd7 40. Bxd7 Bxf4 41. Kf3 h4 42. Be8 Bc7 43. Bd7 g5 44. Bc8 Bf4 45. Bd7 Ke5 46. Bc8 f5 47. Bd7 Kf6 48. Bc8 e5 49. Bd7 e4+ 50. Kf2 Bc7 51. Bc8 Ke5 52. Bd7 Kf4 53. Bc8 Bb6+ 54. Kf1 Bc5 55. Bd7 g4 56. hxg4 Kxg4 57. Ke2 Kg5 58. Bc8 h3 59. gxh3 f4 60. h4+ Kxh4 61. Bb7 f3+ 62. Kf1 e3 63. Bxf3 1/2-1/2

[Event "Benidorm op U2300 09th"]
[Site "Benidorm"]
[Date "2010.12.10"]
[Round "9"]
[White "Navarro Lopez Menchero, Daniel"]
[Black "Torres Ventosa, Pedro Eugenio"]
[Result "0-1"]
[WhiteElo "2112"]
[BlackElo "2277"]
[PlyCount "84"]
[EventDate "2010.12.03"]
[EventType "swiss"]
[EventRounds "10"]
[EventCountry "ESP"]
[SourceTitle "CBM 139 Extra"]
[Source "ChessBase"]
[SourceDate "2011.01.05"]
[SourceVersion "1"]
[SourceVersionDate "2011.01.05"]
[SourceQuality "1"]

1. e4 d6 2. d4 Nf6 3. Nc3 e5 4. Nf3 Nbd7 5. Bc4 Be7 6. 0-0 0-0 7. Re1 c6 8. a4 b6 9. d5 cxd5 10. Bxd5 Rb8 11. b3 Nc5 12. Ba3 Bg4 13. h3 Bh5 14. Bxc5 bxc5 15. Bc4 Bg6 16. Qd3 Kh8 17. Rad1 Ne8 18. Qe2 Qa5 19. Nd5 Bd8 20. Bb5 Nc7 21. Nxc7 Qxc7 22. Nd2 Qe7 23. Nc4 Bc7 24. f4 exf4 25. e5 a6 26. Bc6 d5 27. Rxd5 Qe6 28. Rd6 Qf5 29. Rd7 Rbc8 30. Re7 Qg5 31. Rd7 Bf5 32. Rd2 Bxh3 33. Bb7 Rce8 34. Bxa6 Bg4 35. Qf2 Bxe5 36. Nxe5 Rxe5 37. Rxe5 Qxe5 38. Bb7 g6 39. Rd5 Qe7 40. Qxc5 Qe1+ 41. Kh2 Re8 42. Qd4+ Kg8 0-1

[Event "Benidorm op U2300 09th"]
[Site "Benidorm"]
[Date "2010.12.06"]
[Round "5"]
[White "Ortega Serra, Marc"]
[Black "Torres Ventosa, Pedro Eugenio"]
[Result "1-0"]
[WhiteElo "2213"]
[BlackElo "2277"]
[PlyCount "105"]
[EventDate "2010.12.03"]
[EventType "swiss"]
[EventRounds "10"]
[EventCountry "ESP"]
[SourceTitle "CBM 139 Extra"]
[Source "ChessBase"]
[SourceDate "2011.01.05"]
[SourceVersion "1"]
[SourceVersionDate "2011.01.05"]
[SourceQuality "1"]

1. d4 Nf6 2. c4 g6 3. Nc3 d5 4. Bf4 Bg7 5. Nf3 0-0 6. e3 c5 7. dxc5 Qa5 8. Rc1 dxc4 9. Bxc4 Qxc5 10. Qd4 Qxd4 11. exd4 a6 12. Nd5 Nxd5 13. Bxd5 e6 14. Be4 f5 15. Bc2 Nc6 16. Be5 Bh6 17. Rd1 Nb4 18. Bb3 Nd5 19. 0-0 b5 20. Ne1 a5 21. a3 a4 22. Ba2 b4 23. Bxd5 exd5 24. axb4 Ba6 25. Nd3 Rfc8 26. f4 Bf8 27. h4 Bxd3 28. Rxd3 Bxb4 29. h5 Rc2 30. hxg6 hxg6 31. Rh3 Rac8 32. Rh8+ Kf7 33. Rh7+ Ke6 34. Ra7 Rxb2 35. Rxa4 Rcc2 36. Ra6+ Kf7 37. Rf6+ Kg7 38. Rxf5+ Kh6 39. Rg5 Be7 40. Rf3 Kh7 41. Rh3+ Kg8 42. Rxg6+ Kf7 43. Rg7+ Ke6 44. Rh8 Rb1+ 45. Kh2 Rcc1 46. f5+ Kd7 47. Rhh7 Rh1+ 48. Kg3 Rb3+ 49. Kf4 Rxh7 50. Rxh7 Ke8 51. f6 Bf8 52. Kf5 Rb1 53. Rh8 1-0

[Event "Vecindario Canarias op 4th"]
[Site "Vecindario"]
[Date "2010.07.23"]
[Round "7"]
[White "Torres Ventosa, Pedro Eugenio"]
[Black "Hernandez Leon, Sergio"]
[Result "1-0"]
[WhiteElo "2245"]
[BlackElo "2131"]
[PlyCount "49"]
[EventDate "2010.07.18"]
[EventType "swiss"]
[EventRounds "9"]
[EventCountry "ESP"]
[SourceTitle "CBM 137 Extra"]
[Source "ChessBase"]
[SourceDate "2010.09.01"]
[SourceVersion "1"]
[SourceVersionDate "2010.09.01"]
[SourceQuality "1"]

1. e4 g6 2. d4 Bg7 3. Nf3 c6 4. a4 d5 5. e5 Nh6 6. Bf4 Bg4 7. Qd2 Bxf3 8. Bxh6 Bxh6 9. Qxh6 Bg4 10. c3 Kd7 11. Nd2 f6 12. Qf4 Be6 13. a5 Kc8 14. Nb3 Nd7 15. exf6 exf6 16. a6 Qc7 17. Qe3 Bf7 18. axb7+ Kxb7 19. Ba6+ Kb6 20. c4 dxc4 21. Qc3 Rhe8+ 22. Kf1 c5 23. dxc5+ Kc6 24. Nd4+ Kxc5 25. Ra5+ 1-0

[Event "Vecindario Canarias op 4th"]
[Site "Vecindario"]
[Date "2010.07.21"]
[Round "5"]
[White "Torres Ventosa, Pedro Eugenio"]
[Black "Martin Hernandez, Ruben"]
[Result "0-1"]
[WhiteElo "2245"]
[BlackElo "1988"]
[PlyCount "114"]
[EventDate "2010.07.18"]
[EventType "swiss"]
[EventRounds "9"]
[EventCountry "ESP"]
[SourceTitle "CBM 137 Extra"]
[Source "ChessBase"]
[SourceDate "2010.09.01"]
[SourceVersion "1"]
[SourceVersionDate "2010.09.01"]
[SourceQuality "1"]

1. e4 Nf6 2. e5 Nd5 3. d4 d6 4. Nf3 g6 5. c3 Bg7 6. h3 0-0 7. Bd3 c5 8. 0-0 Nc6 9. exd6 Qxd6 10. dxc5 Qxc5 11. Qe2 e5 12. Be3 Nxe3 13. Qxe3 Qxe3 14. fxe3 Bh6 15. e4 Be6 16. Na3 Be3+ 17. Kh1 f6 18. Bc4 Kf7 19. Rae1 Bh6 20. Bd5 Ke7 21. Nb5 Rac8 22. Rd1 Rfd8 23. c4 a6 24. Nc3 Na5 25. b4 Nxc4 26. Bxb7 Rxd1 27. Rxd1 Rb8 28. Bxa6 Rxb4 29. Ne1 Nd6 30. Nd3 Rd4 31. Rb1 Bd2 32. Ne2 Rxe4 33. Nc5 Rb4 34. Rd1 Be3 35. Nxe6 Kxe6 36. Nc3 Bd4 37. Ne2 Ra4 38. Bd3 Rxa2 39. Re1 Kd5 40. Bb1 Rd2 41. Kh2 f5 42. Nc1 e4 43. Nb3 Be5+ 44. Kh1 Rb2 45. Rd1+ Kc4 46. Na5+ Kc5 47. Rc1+ Kb6 48. Nc6 Bf4 49. Rf1 Kxc6 50. Bxe4+ Nxe4 51. Rxf4 Kd5 52. Kg1 Rb1+ 53. Kh2 Rb2 54. Kg1 Ke5 55. Rh4 h5 56. g4 Kf4 57. gxf5+ Kg3 0-1

[Event "Vecindario Canarias op 4th"]
[Site "Vecindario"]
[Date "2010.07.20"]
[Round "4"]
[White "Rodriguez Perez, David Antonio"]
[Black "Torres Ventosa, Pedro Eugenio"]
[Result "0-1"]
[WhiteElo "2039"]
[BlackElo "2245"]
[PlyCount "68"]
[EventDate "2010.07.18"]
[EventType "swiss"]
[EventRounds "9"]
[EventCountry "ESP"]
[SourceTitle "CBM 137 Extra"]
[Source "ChessBase"]
[SourceDate "2010.09.01"]
[SourceVersion "1"]
[SourceVersionDate "2010.09.01"]
[SourceQuality "1"]

1. e4 d6 2. d4 Nf6 3. Nc3 e5 4. dxe5 dxe5 5. Qxd8+ Kxd8 6. Bg5 Be7 7. 0-0-0+ Nbd7 8. Bc4 Rf8 9. Nge2 Ng4 10. Bxe7+ Kxe7 11. h3 Nxf2 12. Rxd7+ Bxd7 13. Rf1 Nxh3 14. gxh3 c6 15. h4 h5 16. Ng3 g6 17. Bd3 b5 18. a3 Be6 19. Nd1 a5 20. Ne3 Rfd8 21. Rd1 Rab8 22. Be2 Rdc8 23. c4 b4 24. a4 b3 25. Kd2 Rd8+ 26. Kc3 Rf8 27. Bd3 Rb4 28. Ra1 Rd8 29. Ne2 Bg4 30. Nc1 f5 31. exf5 gxf5 32. Bxf5 Bxf5 33. Nxf5+ Kf6 34. Nd3 Rxd3+ 0-1